000 00341nam a22001217a 4500
999 _c5098
_d5098
008 250612b ||||| |||| 00| 0 eng d
020 _a9781474938150
082 _a750 COU
100 _aCOURTAULD,SARAH
_eAUTHOR
245 _aART PICTURE BOOK
260 _a83-85 SAFFRON HILL,LONDON EC1 8RT,ENGLAND
_bUSBORNE PUBLISHING LTD
_c2017
942 _2ddc